Manual of Malayan timber trees : myristicaceae
| Main Author: | |
|---|---|
| Format: | Book |
| Published: |
Kuala Lumpur :
Forest Research Institute ,
1953
|
| Series: | Research pamphlet ; no. 3
|
| Subjects: |
MARC
| LEADER | 00000cam a2200000 7i4500 | ||
|---|---|---|---|
| 001 | 0000002971 | ||
| 005 | 20040326.0 | ||
| 090 | 0 | 0 | |a RP 583.22 |b WYA 1953 |
| 100 | 1 | 0 | |a WYATT-SMITH |h J. |
| 245 | 1 | 0 | |a Manual of Malayan timber trees : |b myristicaceae |c by J. Wyatt-Smith |
| 260 | 0 | 0 | |a Kuala Lumpur : |b Forest Research Institute , |c 1953 |
| 300 | |a 25 p. : |b ill. ; |c 34 cm. | ||
| 440 | 0 | 0 | |a Research pamphlet ; no. 3 |
| 650 | 0 | 0 | |a Myristicaceae |z Malaysia |
| 650 | 0 | 0 | |a Timber |z Malaysia |
| 998 | |a JPSM | ||
| 999 | |a 0000005238 |b Monograph |c Open Shelf |e Default branch | ||